000 00657nam a22001337a 4500
040 _cRUA
082 _aAGR KHI 2009 B041 Or.1
100 _aKHIN, VITHA.
245 _acomparison of water spinach varieties under net house condition at royal university of agriculture (ប្រៀបធៀបពូជត្រគួនក្នុងលក្ខខណ្ឌផ្ទះសំណាញ់នៅសាកលវិទ្យល័យភូមិន្ទកសិកម្ម)
260 _aPhnom Penh
_bRUA
_c2009
300 _aXi, 42p.
_bill.
_c29cm.
856 _uhttps://drive.google.com/file/d/1tr-7cGb7dsoDRlDOBLedPjdb3O13OmCQ/view?usp=sharing
942 _cAGR
999 _c899
_d899